| 000 | 00523nam a2200229Ia 4500 | ||
|---|---|---|---|
| 001 | 11974 | ||
| 003 | GE_BSU | ||
| 008 | 181216s||||||||xx |||||||||||||| ||und|| | ||
| 020 | _a0340895993 | ||
| 040 | _cGE_BSU | ||
| 080 | _a821.111-32 | ||
| 100 | _aBriscoe,Constance | ||
| 245 | _aUgly | ||
| 245 | 4 | _bThe true story of a loveless childhood | |
| 260 | _aLondon | ||
| 260 | _bHodder. | ||
| 260 | _c2006. | ||
| 300 | _a433p;20cm. | ||
| 653 | _aThe true story of a loveless childhood | ||
| 653 | _aUgly | ||
| 942 | _cBK | ||
| 999 |
_c45151 _d45151 |
||